Memory: match 20 pairs of symbols - Statistics

General Stats
  • This quiz has been taken 123 times
  • The average score is 25 of 60
Answer Stats
ANSWER % Correct
!
85%
<
73%
~
73%
)
72%
/
66%
&
65%
63%
59%
*
59%
%
59%
)
58%
56%
:
56%
*
55%
:
55%
55%
%
52%
#
52%
/
52%
;
52%
<
52%
$
51%
!
51%
?
51%
#
49%
$
48%
~
45%
@
45%
;
45%
@
45%
45%
>
44%
(
44%
&
42%
+
42%
+
39%
38%
>
35%
(
35%
?
34%
32%
31%
30%
30%
24%
24%
24%
24%
23%
21%
20%
20%
18%
17%
15%
14%
13%
11%
11%
10%
No matching quizzes found
Score Distribution
Percent of People with Each Score
Percentile by Number Answered
Your Score History
You have not taken this quiz